000
00339nam a22001457a 4500
008
230321b ||||| |||| 00| 0 eng d
020
_a
9780761923602
041
_a
eng
080
_2
2 VOLUME
_a
030
082
_a
030AND
100
_a
42
101
_a
ENCIKO
245
_a
ENCYCLOPEDIA OF HEALTH BEHAVIOR
_c
ANDERSON.B.N
942
_2
udc
_c
BK
999
_c
59419
_d
59419